Policy entrep[reneurship for poverty reduction: (Record no. 9170)

MARC details
000 -LEADER
fixed length control field 00615nam a22001937a 4500
003 - CONTROL NUMBER IDENTIFIER
control field OSt
005 - DATE AND TIME OF LATEST TRANSACTION
control field 20240712110638.0
008 - FIXED-LENGTH DATA ELEMENTS--GENERAL INFORMATION
fixed length control field 240712b |||||||| |||| 00| 0 eng d
020 ## - INTERNATIONAL STANDARD BOOK NUMBER
International Standard Book Number 1853396427
040 ## - CATALOGING SOURCE
Transcribing agency must
082 ## - DEWEY DECIMAL CLASSIFICATION NUMBER
Classification number 338.04 POL 2005
245 ## - TITLE STATEMENT
Title Policy entrep[reneurship for poverty reduction:
Remainder of title Bridging research and policy in international development/
Statement of responsibility, etc. Edited by Julius Court and Simon maxwell.
260 ## - PUBLICATION, DISTRIBUTION, ETC. (IMPRINT)
Place of publication, distribution, etc. Chichester :
Name of publisher, distributor, etc. John Wiley & sons
300 ## - PHYSICAL DESCRIPTION
Extent xiv,142p.:
Dimensions 23cm.
504 ## - BIBLIOGRAPHY, ETC. NOTE
Bibliography, etc Includes references
650 ## - SUBJECT ADDED ENTRY--TOPICAL TERM
Source of heading or term Entrepreneurship
700 ## - ADDED ENTRY--PERSONAL NAME
Personal name Maxwell,Simon
9 (RLIN) 18693
942 ## - ADDED ENTRY ELEMENTS (KOHA)
Source of classification or shelving scheme Dewey Decimal Classification
Koha item type Open Shelf
Holdings
Withdrawn status Lost status Source of classification or shelving scheme Damaged status Not for loan Home library Current library Date acquired Source of acquisition Inventory number Total Checkouts Full call number Barcode Date last seen Price effective from Koha item type
    Dewey Decimal Classification     MUST Main Library MUST Main Library 12/07/2024 donation 11/33053   338.04 POL 2005 2024-21948 12/07/2024 12/07/2024 Open Shelf